[Event "Arco op 41st"]
[Site "Arco"]
[Date "2019.10.06"]
[Round "3"]
[White "Behling, Robert"]
[Black "Fratini, Mauro"]
[Result "1-0"]
[WhiteElo "2062"]
[BlackElo "1838"]
[PlyCount "55"]
[EventDate "2019.10.04"]
[EventType "swiss"]
[EventRounds "9"]
[EventCountry "ITA"]
[SourceTitle "EXT 2020"]
[Source "ChessBase"]
[SourceDate "2019.10.17"]
[SourceVersion "1"]
[SourceVersionDate "2019.10.17"]
[SourceQuality "1"]

1. c4 g6 2. e4 Bg7 3. d4 d6 4. Nc3 Nf6 5. f3 0-0 6. Be3 c6 7. Nge2 Nbd7 8. Qd2 a6 9. g4 b5 10. Ng3 b4 11. Nd1 c5 12. Be2 Qc7 13. d5 a5 14. Bh6 e6 15. Bxg7 Kxg7 16. 0-0 exd5 17. exd5 Re8 18. Nf2 Ne5 19. h3 Qe7 20. Rfe1 Qd8 21. f4 Ned7 22. Bd3 Ba6 23. g5 Ng8 24. Nge4 Qb6 25. b3 Ne7 26. Nf6 Nxf6 27. gxf6+ Kf8 28. fxe7+ 1-0

[Event "Arco Christmas op 8th"]
[Site "Arco"]
[Date "2017.12.30"]
[Round "7"]
[White "Fratini, Mauro"]
[Black "Fiscato, Claudio"]
[Result "1-0"]
[WhiteElo "1824"]
[BlackElo "1643"]
[PlyCount "97"]
[EventDate "2017.12.26"]
[EventType "swiss"]
[EventRounds "7"]
[EventCountry "ITA"]
[SourceTitle "CBM 182 Extra"]
[Source "ChessBase"]
[SourceDate "2018.02.23"]
[SourceVersion "1"]
[SourceVersionDate "2018.02.23"]
[SourceQuality "1"]

1. d4 Nf6 2. Nf3 e6 3. Bf4 c5 4. c3 Qb6 5. Qc2 d5 6. e3 Nc6 7. Nbd2 Be7 8. Rb1 0-0 9. Be2 Bd7 10. Qd1 Nh5 11. Bg3 Nxg3 12. hxg3 f5 13. Bd3 cxd4 14. exd4 Bf6 15. Qe2 g6 16. Qe3 Rae8 17. Qh6 Rf7 18. 0-0 e5 19. dxe5 Nxe5 20. Nxe5 Bxe5 21. Nf3 Bf6 22. Qd2 Bc6 23. Bc2 Kg7 24. Bb3 Rd7 25. Rbd1 Red8 26. Nd4 Bxd4 27. Qxd4+ Qxd4 28. Rxd4 Kf6 29. f4 b5 30. Rfd1 h5 31. Kf2 a6 32. R1d2 Rd6 33. c4 bxc4 34. Bxc4 Bb7 35. b4 Ke7 36. Be2 Rb6 37. Rc2 Rc8 38. Rxc8 Bxc8 39. a4 Bd7 40. Bd1 Rd6 41. Ke3 Bc6 42. Kd3 Re6 43. Kc3 Kd6 44. Bb3 Re3+ 45. Rd3 Re7 46. b5 axb5 47. axb5 Bxb5 48. Rxd5+ Ke6 49. Rxb5+ 1-0

[Event "Arco Christmas op 8th"]
[Site "Arco"]
[Date "2017.12.28"]
[Round "4"]
[White "Trauth, Michael"]
[Black "Fratini, Mauro"]
[Result "1-0"]
[WhiteElo "2109"]
[BlackElo "1824"]
[PlyCount "65"]
[EventDate "2017.12.26"]
[EventType "swiss"]
[EventRounds "7"]
[EventCountry "ITA"]
[SourceTitle "CBM 182 Extra"]
[Source "ChessBase"]
[SourceDate "2018.02.23"]
[SourceVersion "1"]
[SourceVersionDate "2018.02.23"]
[SourceQuality "1"]

1. Nf3 Nf6 2. c4 g6 3. g3 Bg7 4. Bg2 0-0 5. Nc3 d5 6. cxd5 Nxd5 7. 0-0 Nxc3 8. bxc3 c5 9. Rb1 Nc6 10. Qa4 Qc7 11. d3 Bxc3 12. Bh6 Bg7 13. Bxg7 Kxg7 14. Rfc1 Qd6 15. Qb5 Nd4 16. Nxd4 cxd4 17. Qd5 Qxd5 18. Bxd5 Rb8 19. Rc7 Kf6 20. f4 Rd8 21. Bxb7 Be6 22. a4 Rd7 23. Rxd7 Bxd7 24. a5 g5 25. a6 gxf4 26. gxf4 Rg8+ 27. Kf2 Bh3 28. Bf3 Bc8 29. Rb8 Kg7 30. Ra8 Bxa6 31. Rxa7 Bb5 32. Rxe7 Kf6 33. Re5 1-0

[Event "Arco op-A 39th"]
[Site "Arco"]
[Date "2017.10.15"]
[Round "9"]
[White "Mastroddi, Emiliano"]
[Black "Fratini, Mauro"]
[Result "1-0"]
[WhiteElo "2053"]
[BlackElo "1802"]
[PlyCount "69"]
[EventDate "2017.10.07"]
[EventType "swiss"]
[EventRounds "9"]
[EventCountry "ITA"]
[SourceTitle "CBM 181 Extra"]
[Source "ChessBase"]
[SourceDate "2017.12.12"]
[SourceVersion "1"]
[SourceVersionDate "2017.12.12"]
[SourceQuality "1"]

1. d4 Nf6 2. c4 g6 3. Nc3 Bg7 4. e4 d6 5. Nf3 0-0 6. Be2 Nbd7 7. 0-0 c5 8. h3 cxd4 9. Nxd4 Nc5 10. Bf3 Rb8 11. Be3 Bd7 12. Rc1 a6 13. Qe2 Be8 14. Rfd1 Ncd7 15. g3 Ne5 16. Bg2 Qa5 17. f4 Nc6 18. Kh2 Nxd4 19. Bxd4 b5 20. e5 dxe5 21. fxe5 Nh5 22. Nd5 bxc4 23. g4 Rb5 24. Bc3 Rxd5 25. Rxd5 Nf4 26. Qxc4 Qb6 27. Qxf4 Bc6 28. Rd2 Bxg2 29. Kxg2 f6 30. exf6 Bxf6 31. Bxf6 Rxf6 32. Qe4 Re6 33. Rc8+ Kf7 34. Qf3+ Rf6 35. Qb3+ 1-0

[Event "Arco op-A 39th"]
[Site "Arco"]
[Date "2017.10.12"]
[Round "6"]
[White "Fratini, Mauro"]
[Black "Wernet, Andreas"]
[Result "0-1"]
[WhiteElo "1802"]
[BlackElo "2012"]
[PlyCount "44"]
[EventDate "2017.10.07"]
[EventType "swiss"]
[EventRounds "9"]
[EventCountry "ITA"]
[SourceTitle "CBM 181 Extra"]
[Source "ChessBase"]
[SourceDate "2017.12.12"]
[SourceVersion "1"]
[SourceVersionDate "2017.12.12"]
[SourceQuality "1"]

1. d4 f5 2. Bf4 g6 3. e3 Bg7 4. Nf3 Nf6 5. h3 0-0 6. Be2 d6 7. Bc4+ Kh8 8. Nbd2 Qe8 9. Qe2 c6 10. 0-0-0 b5 11. Bb3 a5 12. a3 Nd5 13. Bg5 a4 14. Ba2 b4 15. Bxd5 cxd5 16. Ne1 Nc6 17. Nd3 bxa3 18. bxa3 Ba6 19. g4 e5 20. dxe5 dxe5 21. gxf5 Rxf5 22. Bh4 e4 0-1

[Event "Arco op-A 39th"]
[Site "Arco"]
[Date "2017.10.11"]
[Round "5"]
[White "Oppici, Gabriele"]
[Black "Fratini, Mauro"]
[Result "1/2-1/2"]
[WhiteElo "1985"]
[BlackElo "1802"]
[PlyCount "86"]
[EventDate "2017.10.07"]
[EventType "swiss"]
[EventRounds "9"]
[EventCountry "ITA"]
[SourceTitle "CBM 181 Extra"]
[Source "ChessBase"]
[SourceDate "2017.12.12"]
[SourceVersion "1"]
[SourceVersionDate "2017.12.12"]
[SourceQuality "1"]

1. Nc3 Nf6 2. e4 d5 3. exd5 Nxd5 4. Bc4 e6 5. Nf3 Nxc3 6. bxc3 Nd7 7. 0-0 Be7 8. d4 0-0 9. Re1 Bf6 10. Qe2 c6 11. Bd3 Re8 12. h4 b6 13. Qe4 Nf8 14. Ng5 g6 15. Bf4 Qd5 16. Qe2 Bb7 17. Be4 Qd7 18. Qf3 Bg7 19. Qg3 c5 20. Bxb7 Qxb7 21. Ne4 Qc6 22. Be5 Nd7 23. Qf3 Qd5 24. Bxg7 Kxg7 25. c4 Qf5 26. Nd6 Qxf3 27. Nxe8+ Rxe8 28. gxf3 cxd4 29. Rad1 Nf6 30. Rxd4 Rc8 31. Re3 Rc7 32. a4 Nd7 33. Rb3 e5 34. Rd5 Nf6 35. Rxe5 Rxc4 36. a5 Rxc2 37. axb6 axb6 38. Ree3 Rc4 39. h5 Nxh5 40. Rxb6 Rc1+ 41. Kh2 Rc2 42. Rb7 Rc5 43. Ree7 Rf5 1/2-1/2

[Event "Arco op 38th"]
[Site "Arco"]
[Date "2016.10.15"]
[Round "8"]
[White "Cardilli, Mariano"]
[Black "Fratini, Mauro"]
[Result "1-0"]
[WhiteElo "2051"]
[BlackElo "1812"]
[PlyCount "43"]
[EventDate "2016.10.08"]
[EventType "swiss"]
[EventRounds "9"]
[EventCountry "ITA"]
[SourceTitle "EXT 2017"]
[Source "ChessBase"]
[SourceDate "2016.10.25"]
[SourceVersion "1"]
[SourceVersionDate "2016.10.25"]
[SourceQuality "1"]

1. d4 Nf6 2. c4 g6 3. Nc3 d5 4. Nf3 Bg7 5. Qb3 e6 6. Bg5 c6 7. e3 0-0 8. Bd3 Nbd7 9. 0-0 dxc4 10. Bxc4 b5 11. Be2 a6 12. Ne4 Qb6 13. Nxf6+ Nxf6 14. Ne5 Ne4 15. Be7 Re8 16. Bb4 a5 17. Be1 Bxe5 18. dxe5 Qc5 19. f3 a4 20. Qd3 Ng5 21. h4 b4 22. Qd4 1-0

[Event "Arco op 38th"]
[Site "Arco"]
[Date "2016.10.08"]
[Round "1"]
[White "Fratini, Mauro"]
[Black "Valenti, Giuseppe"]
[Result "0-1"]
[WhiteElo "1812"]
[BlackElo "2150"]
[PlyCount "106"]
[EventDate "2016.10.08"]
[EventType "swiss"]
[EventRounds "9"]
[EventCountry "ITA"]
[SourceTitle "EXT 2017"]
[Source "ChessBase"]
[SourceDate "2016.10.25"]
[SourceVersion "1"]
[SourceVersionDate "2016.10.25"]
[SourceQuality "1"]

1. d4 Nf6 2. Nf3 e6 3. e3 c5 4. c3 cxd4 5. exd4 Be7 6. Bd3 d6 7. h3 0-0 8. Bf4 Nbd7 9. Qc2 Re8 10. Nbd2 b6 11. 0-0 Bb7 12. Rfe1 Rc8 13. Bh2 a6 14. a4 Nf8 15. Ne4 Nd5 16. Qe2 Ra8 17. Ned2 Ng6 18. Bb1 Bf8 19. Bxg6 hxg6 20. Bg3 Be7 21. Nh2 g5 22. Qe4 Qd7 23. Qe2 f5 24. f3 Bf6 25. Nc4 f4 26. Bf2 g6 27. Ng4 Bd8 28. Nd2 Kg7 29. Ne4 a5 30. c4 Ba6 31. b3 Rc8 32. Qb2 Nb4 33. Rad1 d5 34. c5 dxe4 35. d5+ e5 36. Nxe5 Rxe5 37. Qxe5+ Bf6 38. Qxe4 bxc5 39. h4 gxh4 40. Qxf4 Nd3 41. Rxd3 Bxd3 42. Qd2 Qxd5 43. Qxa5 Bd4 44. Bxd4+ Qxd4+ 45. Kh1 h3 46. Re7+ Kf8 47. Qa7 Qa1+ 48. Kh2 hxg2 49. Rf7+ Kg8 50. Kxg2 Qf1+ 51. Kh2 Qf2+ 52. Kh1 Qh4+ 53. Kg2 Re8 0-1

[Event "Ancona Ascoli Province-ch"]
[Site "Porto Sant Elpidio"]
[Date "2016.01.30"]
[Round "3"]
[White "Fratini, Mauro"]
[Black "Serpilli, Francesco"]
[Result "1-0"]
[WhiteElo "1815"]
[BlackElo "1586"]
[PlyCount "127"]
[EventDate "2016.01.29"]
[EventType "swiss"]
[EventRounds "5"]
[EventCountry "ITA"]
[SourceTitle "EXT 2018"]
[Source "ChessBase"]
[SourceDate "2017.10.13"]
[SourceVersion "1"]
[SourceVersionDate "2017.10.13"]
[SourceQuality "1"]

1. d4 d5 2. Nf3 Nf6 3. Bf4 e6 4. e3 Bd6 5. Ne5 0-0 6. Nd2 c5 7. c3 Nc6 8. Bg3 Qc7 9. f4 Ne7 10. Bd3 Nf5 11. Qf3 b6 12. Bf2 Be7 13. g4 Nd6 14. Rg1 Bb7 15. Qh3 g6 16. Qh6 Nfe4 17. Nxe4 Nxe4 18. Bxe4 dxe4 19. Rg3 Bd6 20. Rh3 f6 21. Nxg6 hxg6 22. Qh8+ Kf7 23. Rh7+ Ke8 24. Rxc7 Rxh8 25. Rxb7 Rxh2 26. Rd1 Rh1+ 27. Ke2 Rxd1 28. Kxd1 Kf8 29. Rh7 Kg8 30. Rd7 Bf8 31. Bh4 f5 32. gxf5 gxf5 33. Bf6 cxd4 34. Bxd4 Bc5 35. Bxc5 bxc5 36. Kc2 Kf8 37. Kd2 c4 38. b4 Ke8 39. Rd4 Rd8 40. Ke2 Rd5 41. Rxc4 a5 42. a3 Kd7 43. Rd4 Kc6 44. Kd2 Rxd4+ 45. cxd4 Kb5 46. bxa5 Kxa5 47. Kc3 Ka4 48. Kb2 Ka5 49. Kb3 Kb5 50. a4+ Ka5 51. Ka3 Ka6 52. Kb4 Kb6 53. a5+ Ka6 54. Ka4 Ka7 55. Kb5 Kb7 56. a6+ Ka7 57. Ka5 Ka8 58. Kb6 Kb8 59. a7+ Ka8 60. Kc6 Kxa7 61. Kd6 Kb6 62. Kxe6 Kc6 63. d5+ Kc7 64. Kxf5 1-0

[Event "Ancona Ascoli Province-ch"]
[Site "Porto Sant Elpidio"]
[Date "2016.01.30"]
[Round "2"]
[White "Gregori, Giacomo"]
[Black "Fratini, Mauro"]
[Result "1-0"]
[WhiteElo "2122"]
[BlackElo "1815"]
[PlyCount "49"]
[EventDate "2016.01.29"]
[EventType "swiss"]
[EventRounds "5"]
[EventCountry "ITA"]
[SourceTitle "EXT 2018"]
[Source "ChessBase"]
[SourceDate "2017.10.13"]
[SourceVersion "1"]
[SourceVersionDate "2017.10.13"]
[SourceQuality "1"]

1. Nf3 Nf6 2. g3 b6 3. Bg2 Bb7 4. c4 g6 5. 0-0 Bg7 6. d4 0-0 7. Nc3 Na6 8. Bf4 d5 9. Ne5 c6 10. Rc1 Rc8 11. cxd5 Nxd5 12. Nxd5 cxd5 13. Qa4 Nb8 14. Rxc8 Bxc8 15. Qxa7 Bxe5 16. dxe5 Nc6 17. Qa4 Bd7 18. Qb3 e6 19. h4 Qb8 20. Rd1 Na5 21. Qb4 Bc6 22. Bh6 Re8 23. Rc1 Qb7 24. Qf4 Qe7 25. h5 1-0

[Event "IBCA Wch blind 12th"]
[Site "Belgrade"]
[Date "2010.09.04"]
[Round "9.50"]
[White "Sehitogullari, Halil"]
[Black "Fratini, Mauro"]
[Result "0-1"]
[WhiteElo "1624"]
[BlackElo "1854"]
[PlyCount "92"]
[EventDate "2010.08.26"]
[EventType "swiss"]
[EventRounds "9"]
[EventCountry "SRB"]
[SourceTitle "EXT 2011"]
[Source "ChessBase"]
[SourceDate "2010.11.26"]
[SourceVersion "1"]
[SourceVersionDate "2010.11.26"]
[SourceQuality "1"]

1. c4 Nf6 2. Nc3 d5 3. cxd5 Nxd5 4. Nf3 Nxc3 5. bxc3 c5 6. g3 Nc6 7. Bg2 g6 8. Ba3 Qa5 9. Qb3 Qb6 10. 0-0 Bg7 11. Rab1 0-0 12. Qa4 Qc7 13. Bxc5 Bd7 14. Qa3 Rfe8 15. Rfe1 b6 16. Be3 Rab8 17. Ng5 Na5 18. Bd5 e6 19. Bf4 Qd8 20. Bb3 Ra8 21. Qd6 Rc8 22. Qd3 Nxb3 23. axb3 e5 24. Be3 Qe7 25. Ne4 Bf5 26. Ra1 Red8 27. Qc2 Qb7 28. f3 h6 29. d3 g5 30. g4 Bg6 31. c4 f5 32. gxf5 Bxf5 33. Ng3 Bg6 34. Rad1 Qe7 35. Bf2 Rf8 36. Rf1 h5 37. Qd2 Rcd8 38. Kg2 g4 39. fxg4 hxg4 40. Qe3 Kh7 41. d4 e4 42. Rh1 Bh6 43. Qc3 e3 44. Be1 Be4+ 45. Nxe4 Qxe4+ 46. Kg1 Rf1+ 0-1

[Event "IBCA Wch blind 12th"]
[Site "Belgrade"]
[Date "2010.09.01"]
[Round "6.24"]
[White "Fratini, Mauro"]
[Black "Milosavljevic, Ivan"]
[Result "0-1"]
[WhiteElo "1854"]
[BlackElo "2030"]
[PlyCount "76"]
[EventDate "2010.08.26"]
[EventType "swiss"]
[EventRounds "9"]
[EventCountry "SRB"]
[SourceTitle "EXT 2011"]
[Source "ChessBase"]
[SourceDate "2010.11.26"]
[SourceVersion "1"]
[SourceVersionDate "2010.11.26"]
[SourceQuality "1"]

1. d4 g6 2. Nf3 Bg7 3. Bf4 d6 4. h3 Nf6 5. e3 0-0 6. Be2 Bf5 7. 0-0 Nc6 8. a3 Ne4 9. Nh4 Bd7 10. Nf3 e5 11. Bh2 Ng5 12. d5 Nxf3+ 13. Bxf3 Ne7 14. c4 b5 15. c5 Nf5 16. c6 Bc8 17. Nd2 Nh4 18. Bg3 Nxf3+ 19. Nxf3 f5 20. Qb3 Rb8 21. a4 b4 22. a5 Ba6 23. Rfe1 g5 24. Ra4 h5 25. Rxb4 Rxb4 26. Qxb4 Qf6 27. Nd2 h4 28. Bh2 g4 29. Nc4 gxh3 30. gxh3 Qg6+ 31. Kh1 f4 32. exf4 exf4 33. Nd2 Qf5 34. Nf3 Qxd5 35. Qe4 Bc4 36. Ng5 Re8 37. Qxd5+ Bxd5+ 38. Ne4 Rxe4 0-1

[Event "IBCA Wch blind 12th"]
[Site "Belgrade"]
[Date "2010.08.28"]
[Round "3.29"]
[White "Pohlers, Juergen"]
[Black "Fratini, Mauro"]
[Result "1-0"]
[WhiteElo "2074"]
[BlackElo "1854"]
[PlyCount "77"]
[EventDate "2010.08.26"]
[EventType "swiss"]
[EventRounds "9"]
[EventCountry "SRB"]
[SourceTitle "EXT 2011"]
[Source "ChessBase"]
[SourceDate "2010.11.26"]
[SourceVersion "1"]
[SourceVersionDate "2010.11.26"]
[SourceQuality "1"]

1. d4 g6 2. e4 Bg7 3. Nf3 c5 4. c3 cxd4 5. cxd4 d6 6. Bc4 Nc6 7. 0-0 Nf6 8. Nc3 0-0 9. d5 Na5 10. Bd3 b6 11. Be3 Bg4 12. h3 Bxf3 13. Qxf3 Nd7 14. Qe2 Ne5 15. Ba6 Rb8 16. Rac1 f5 17. f4 Nd7 18. b4 Nb7 19. exf5 Rxf5 20. g4 Rf7 21. Nb5 Nf6 22. Nxa7 Nxd5 23. Nc6 Qf8 24. Nxb8 Qxb8 25. Bc4 e6 26. Bxd5 exd5 27. Qc2 d4 28. Qc8+ Qxc8 29. Rxc8+ Rf8 30. Rxf8+ Kxf8 31. Bd2 Ke7 32. f5 gxf5 33. Rxf5 Be5 34. Rh5 Nd8 35. Rxh7+ Kf6 36. Kg2 Ne6 37. Kf3 Nf8 38. Rb7 Ng6 39. Rxb6 1-0

[Event "Porto Sant Elpidio op-A 11th"]
[Site "Porto Sant Elpidio"]
[Date "2008.11.30"]
[Round "6"]
[White "Briffault, Philippe"]
[Black "Fratini, Mauro"]
[Result "1-0"]
[WhiteElo "1933"]
[BlackElo "1940"]
[PlyCount "57"]
[EventDate "2008.11.22"]
[EventType "swiss"]
[EventRounds "6"]
[EventCountry "ITA"]
[SourceTitle "EXT 2011"]
[Source "ChessBase"]
[SourceDate "2010.11.26"]
[SourceVersion "1"]
[SourceVersionDate "2010.11.26"]
[SourceQuality "1"]

1. d4 Nf6 2. c4 g6 3. g3 Bg7 4. Nc3 d5 5. Bg2 c6 6. cxd5 cxd5 7. Nf3 e6 8. 0-0 Nc6 9. h3 0-0 10. Bg5 Bd7 11. Ne5 h6 12. Nxc6 bxc6 13. Bf4 Re8 14. Qd2 Kh7 15. Bd6 Bc8 16. Be5 Qa5 17. Rfd1 c5 18. dxc5 Qxc5 19. Rac1 Qa5 20. Qd4 Nh5 21. Bxg7 Nxg7 22. e4 Bb7 23. exd5 Nf5 24. Qf6 Kg8 25. d6 Bxg2 26. Kxg2 Qb4 27. Qe5 Qb7+ 28. Kg1 Red8 29. Ne4 1-0